Veľa ciest k rovnakému cieľu do zlata je možné investovať niekoľkými spôsobmi
Zlato ako zaisťovcí nástroj v prípade nestability. Priame a nepriame investovanie do zlata. Najznámejšie futures kontrakty na zlato obchodované na komoditných burzách. Investície do fondov kopírujúcich cenu zlata.
Salvato in:
| Autore principale: | |
|---|---|
| Natura: | Capitolo di libro |
| Lingua: | slovacco |
| Soggetti: | |
| Tags: |
Nessun Tag, puoi essere il primo ad aggiungerne!!
|
MARC
| LEADER | 00000naa a2200000 4500 | ||
|---|---|---|---|
| 001 | 0134224 | ||
| 005 | 20231019092047.9 | ||
| 041 | 0 | |a slo | |
| 044 | |a SK | ||
| 245 | 1 | 0 | |a Veľa ciest k rovnakému cieľu |b do zlata je možné investovať niekoľkými spôsobmi |c Pavol Poklemba |
| 520 | |a Zlato ako zaisťovcí nástroj v prípade nestability. Priame a nepriame investovanie do zlata. Najznámejšie futures kontrakty na zlato obchodované na komoditných burzách. Investície do fondov kopírujúcich cenu zlata. | ||
| 610 | 2 | 0 | |a investície |
| 610 | 2 | 0 | |a investície súkromné |
| 610 | 2 | 0 | |a investovanie |
| 610 | 2 | 0 | |a burzy komoditné |
| 610 | 2 | 0 | |a trh zlata |
| 610 | 2 | 0 | |a tvorba kapitálu |
| 610 | 2 | 0 | |a zdroje investičné |
| 610 | 2 | 0 | |a zásoba peňažná |
| 610 | 2 | 0 | |a cena zlata |
| 100 | 1 | |a Poklemba, Pavol | |